| 000 | 01493cam a2200361Ii 4500 | ||
|---|---|---|---|
| 001 | 9781315890241 | ||
| 008 | 180706s2016 enka ob 001 0 eng d | ||
| 020 |
_a9781134499472 (e-book: PDF) _q(e-book : PDF) |
||
| 020 |
_a9781134499540 _q(e-book: ePub) |
||
| 020 |
_a9781134499618 _q(e-book: Mobi) |
||
| 020 |
_z9780415704458 _q(hardback) |
||
| 020 |
_z9781138614390 _q(paperback) |
||
| 024 | 7 |
_a10.4324/9781315890241 _2doi |
|
| 040 |
_aKO _beng |
||
| 041 | 0 | _aeng | |
| 082 | 0 | 4 |
_a343.096 _bR869 |
| 245 | 0 | 0 |
_aRoutledge handbook of maritime regulation and enforcement / _cedited by Robin Warner and Stuart Kaye. |
| 246 | 3 | 0 | _aHandbook of maritime regulation and enforcement |
| 264 | 1 |
_aLondon ; _aNew York : _bRoutledge, _c2016. |
|
| 300 | _a1 online resource (xxxv, 412 pages) | ||
| 490 | 1 | _aRoutledge handbooks | |
| 505 | 0 | _apt. A. International law considerations in maritime regulation and enforcement -- pt. B. Role of states and other international actors in maritime regulation and enforcement -- pt. C. Regulation and enforcement in different maritime sectors -- pt. D. Current issues and future challenges. | |
| 650 | 0 | _aMaritime law. | |
| 650 | 0 |
_aMarine resources development _xLaw and legislation. |
|
| 700 | 1 | _aKaye, Stuart. | |
| 700 | 1 | _aWarner, Robin. | |
| 830 | 0 | _aRoutledge handbooks. | |
| 856 | 4 | 0 |
_uhttps://www.taylorfrancis.com/books/9781134499472 _zClick here to view. |
| 904 | _aRUDRA_R | ||
| 905 | _aR_RANJAN | ||
| 942 |
_2 ddc _cEB |
||
| 999 |
_c3167 _d3167 |
||